Nā Ahupuaʻa o Koʻolaupoko - Statistics

General Stats
  • This quiz has been taken 16 times
  • The average score is 7 of 12
Answer Stats
Answer % Correct
Kailua
100%
Waimānalo
100%
Heʻeia
67%
Kāneʻohe
67%
Kualoa ʻEkahi
67%
Waiāhole
67%
Waikane
67%
Hakipuʻu
50%
Kahaluʻu
50%
Kualoa ʻElua
50%
Waiheʻe
33%
Kaʻalaea
17%
No matching quizzes found
Score Distribution
Percent of People with Each Score
Percentile by Number Answered
Your Score History
You have not taken this quiz